The economy of Hong Kong

Wedi'i Gadw mewn:
Manylion Llyfryddiaeth
Prif Awdur: Yung, Cheng Tong
Fformat: Llyfr
Iaith:Undetermined
Cyhoeddwyd: Hong Kong Far East Publications 1977
Pynciau:
Tagiau: Ychwanegu Tag
Dim Tagiau, Byddwch y cyntaf i dagio'r cofnod hwn!
Thư viện lưu trữ: Trung tâm Học liệu Trường Đại học Cần Thơ
LEADER 00586nam a2200193Ia 4500
001 CTU_91215
008 210402s9999 xx 000 0 und d
082 |a 330.95125 
082 |b Y94 
100 |a Yung, Cheng Tong 
245 4 |a The economy of Hong Kong 
245 0 |c Cheng Tong Yung 
260 |a Hong Kong 
260 |b Far East Publications 
260 |c 1977 
650 |a Economic conditions,Economic policy,Social conditions 
650 |z Hong kong (china),Hong kong (china),Hong kong (china) 
904 |i Nguyên 
980 |a Trung tâm Học liệu Trường Đại học Cần Thơ